000 00784nam a22002657a 4500
005 20260222210112.0
008 260222b |||||||| |||| 00| 0 spa d
040 _aCO-BoESAP
_bspa
_cCO-BoESAP
100 1 _aRoa Suárez, Hernando,
_d1939-
_9119
_eautor
245 1 0 _aCiencia política y administración pública /
_cHernando Roa Suárez.
300 _apáginas
504 _aBibliografía : página 97.
526 _a104436
526 _a1697
526 _a19790
526 _a51868
526 _a102619
526 _a5144
650 1 7 _aCiencia política
_9695
_2LEMB
650 2 7 _aAdministración pública
_948331
_2LEMB
650 2 4 _aReformas administrativas
_9222549
650 2 7 _aEstado
_92991
_2LEMB
773 _tTemas políticos contemporáneos
942 _2cl
_cCHAP
999 _c175241
_d175241